00893cam a22002411 4500001001300000003000400013005001700017008004100034010001700075025001900092035002000111040001700131050002400148111008100172245003700253260011300290300002500403500005300428504003200481650006900513710005200582999001700634sa 66005323 DLC20260227112248.0841101s1964 ii b 100 0 eng  asa 66005323  aPL480:I-E-5594 a(OCoLC)11338006 aDLCcWUdDLC00aLC4697.I4bA76 19632 aAll India Seminar on the Education of the Backward Child,cBangalore,d1963.10aEducation of the backward child. a[New Delhi] :bCentral Institute of Education, National Council of Educational Research and Training,c1964. avi, 121 p. ;c24 cm. aOrganized by the Central Institute of Education. aBibliography: p. [113]-119. 0aChildren with mental disabilitiesxEducationzIndiavCongresses.1 aDelhi (India).bCentral Institute of Education. c69894d69894